000 00482nmm a2200169Ia 4500
008 251105s9999||||xx |||||||||||||||||und||
041 _aspa
100 _aBatson, Susan
245 0 _aVerdad
264 _a[Madrid, España] :
_bAlba Editorial,
_c[Fecha de publicación no identificada]
300 _a0 páginas
490 _aArtes escénicas
700 _aBatson, Susan
700 1 _a Diéguez, Amado
856 _uhttps://public.digitaliapublishing.com/a/179821
942 _cCF
999 _c62602
_d62602